Visual Basic 6

Gorde:
Xehetasun bibliografikoak
Egile nagusia: Petroutsos, Evangelos (Egilea)
Formatua: Liburua
Hizkuntza:gaztelania
Argitaratua: Madrid Anaya 1999
Saila:La Biblia
Gaiak:
Etiketak: Etiketa erantsi
Etiketarik gabe, Izan zaitez lehena erregistro honi etiketa jartzen!

MARC

LEADER 00000nam a2200000 a 4500
001 UCL3146
003 CL-VaPUC
008 031114e19990000SP |||||||||||||||||spa|d
020 |a 8441508291 
082 0 4 |a 005.133  |b PET  |2 21 
100 0 |a Petroutsos, Evangelos  |e author  |9 480384 
245 1 0 |a Visual Basic 6 
300 |a 853 p 
942 |c BK 
945 |d 20031114 00:00:00  |a cmena 
260 |a Madrid  |b Anaya  |c 1999 
650 0 |a Lenguajes de programación   |9 259458 
650 0 |a Programación de computadores   |9 259531 
650 0 |a Visual Basic  |9 333464 
583 |a last modification  |c 20031114 00:00:00  |k Rodrigo Vera 
490 0 |a La Biblia 
999 |c 306273  |d 306271 
952 |0 0  |1 0  |2 ddc  |4 0  |6 005_133000000000000_PET_1999  |7 0  |8 A  |9 371190  |a BIBING  |b BIBING  |c RES  |d 2019-11-21  |i 3965007  |o 005.133 PET 1999  |p 3965007  |r 2025-01-20  |w 2019-11-21  |y BK  |k CCL